| 000 | 00614nam a2200205Ia 4500 | ||
|---|---|---|---|
| 999 |
_c49977 _d49977 |
||
| 003 | GCL | ||
| 005 | 20240530104711.0 | ||
| 008 | 140319s9999 xx 000 0 ara d | ||
| 040 |
_aGCL / _cGCL |
||
| 082 | 0 | 4 |
_a214.15 _bح ن |
| 100 | 1 | _aحسن محمد الشرقاوى | |
| 245 | 1 | 0 |
_aنحو علم نفس اسلامى / _cحسن محمد الشرقاوى |
| 260 |
_a[S.N] : _bمؤسسة شباب الجامعة ، _c1984 |
||
| 300 | _a399 ص | ||
| 650 | 0 | 4 | _aالاسلام |
| 650 | 0 | 4 | _aعلم النفس |
| 700 | 1 | _aمصطفى محمود | |
| 700 | 1 | _aعبدالحليم محمود | |
| 942 |
_2ddc _cBK |
||